Statistics for Kpop Group by First Initials of Members

Click here to take the quiz!

General Stats

  • This quiz has been taken 171 times
  • The average score is 4 of 28

Answer Stats

InitialsGroup% Correct
SJJJHWWDMTSVDSeventeen
67%
RLJJBlack Pink
60%
WHSMMamamoo
53%
SKSXCLBCDEXO
25%
JRJJSVJBTS
24%
MSMNJJCDTTwice
22%
GSTDTBig Bang
19%
YSWJIRed Velvet
17%
KJTMOShinee
17%
TTHSSSYYSNSD
15%
JJBJMYYGot7
12%
CDBM2NE1
9%
KMIJHWSMonsta X
9%
CBDXEYSESMLDWJSN
5%
MEIPSCHBtoB
4%
MFSMiss A
4%
MSJSWinner
4%
BBJJYDCiKon
3%
HSDBSistar
3%
SHHLJEXID
2%
HSGJJ4Minute
1%
SSYSYEECLC
1%
SEYUSYGFriend
1%
DDKYJHighlight
1%
EKKNRRSXYYPristin
1%
YYSLWonder Girls
1%
JCEYESCJSDIA
0%
MBJSJJKYLovelyz
0%

Score Distribution

Percentile by Number Answered

Percent of People with Each Score

Your Score History

You have not taken this quiz